| 000 | 01155nam a2200313 i 4500 | ||
|---|---|---|---|
| 003 | EG-GICUC | ||
| 005 | 20260121101356.0 | ||
| 008 | 251128s2018 ua ||||f |||| 00| 0 ara d | ||
| 017 | _a2018/3520 | ||
| 020 | _a978-977-04-8598-9 | ||
| 040 |
_a EG-GICUC _bara _c EG-GICUC _d EG-GICUC _erda |
||
| 041 | _aara | ||
| 082 | 0 | 4 |
_221 _a345.2 _bر ف . ت |
| 092 | 0 | 4 | _221 |
| 099 | _aLaw1 07 345.2 ر ف . ت 2018 | ||
| 100 | 0 |
_aرفعت عيد سيد _eمؤلف. |
|
| 245 |
_aالتنظيم الإداري : _bالأشخاص المعنوية - المركزية الإدارية و اللامركزية \ _cدكتور رفعت عيد سيد |
||
| 264 |
_a[مكان النشر غير معروف]: _b[اسم الناشر غير معروف]، _c2018. |
||
| 300 |
_a155 صفحة ؛ _c24 سم |
||
| 336 |
_2rda content _atext |
||
| 337 |
_2rda media _aComputer |
||
| 338 |
_2rda carrier _aOnline Resource |
||
| 504 | _aيشمل علي ارجاعات ببليوجرافية | ||
| 650 | 1 |
_aالقانون الإداري _2qrmak |
|
| 651 | 1 | _2qrmak | |
| 856 | 4 | 0 | _uhttps://fll.law.cu.edu.eg/fulltext/bks/B07-00769.pdf |
| 905 | _a74 | ||
| 942 |
_2ddc _n0 _cBK _e21 |
||
| 999 |
_c46734 _d46734 |
||